| 000 | 01466nam1a2200373 i 4500 | ||
|---|---|---|---|
| 001 | RU\NLR\ONL\693digit | ||
| 005 | 20241118011007.0 | ||
| 035 | _a(NLR Aleph) 010187064 | ||
| 090 |
_a10181839 _c10181839 |
||
| 100 | _a20020221d1934 u y0rusy50 ca | ||
| 101 | 0 | _avep | |
| 102 | _aRU | ||
| 105 | _ay ||||||||| | ||
| 135 | _acrgn 008apada | ||
| 200 | 1 |
_aArifmeticeskijoiden zadacuiden i har'goitbsiden _eKeraduzkirj nacal'nijale skolale _fPopova N. S. |
|
| 210 |
_aL. _cKirja _d1934 |
||
| 215 | _d19 | ||
| 325 | _aКопия доступна в Электрон. б-ке РНБ http://vivaldi.nlr.ru/bx000010825/view | ||
| 463 | 0 |
_1001RU\NLR\ONL\694 _12000#$aЧ. 2$e3-le openduz'vodele |
|
| 463 | 0 |
_1001RU\NLR\ONL\695 _12000#$aЧ. 2$e4-s openduz voz |
|
| 541 | 1 |
_9z01790 _aСборник арифметических задач и примеров _zrus |
|
| 606 | 0 |
_aАрифметика _jЗадачники _2nlr-sh _3RU\NLR\ONL\64428 |
|
| 686 | 1 | _aВ10я71 | |
| 700 | 1 |
_aPopova _bN. S. _4070 |
|
| 790 | 1 |
_9z01541 _aПопова _bН. С. _gНаталья Сергеевна _4070 |
|
| 801 | 0 |
_aRU _bNLR _c20020221 _gPSBO |
|
| 852 |
_aNLR _jВепс./2-3 |
||
| 852 |
_aNLR _bОНЛ |
||
| 942 | _cBOOK | ||
| 980 | _aONL_FU | ||
| 981 | 2 | 3 |
_a(23) Национальные литературы _b(23) Книги на национальных языках |